[Event "AUTO-OPEN-3098"]
[Site "http://www.queenalice.com/game.php?id=1223471"]
[Date "2013.10.10"]
[Round "1"]
[White "cirovicz"]
[Black "Epilos"]
[Result "1-0"]
[WhiteElo "1818"]
[BlackElo "1574"]

1. e4 e5 2. Nf3 Nc6 3. Bb5 Nd4 4. Nxd4 exd4 5. c3 dxc3 6. Nxc3 c6 7. Ba4 Qb6 8.
O-O Bb4 9. d4 Bxc3 10. bxc3 Nf6 11. Ba3 Nxe4 12. Re1 d5 13. f3 Qa5 14. fxe4 dxe4
15. Rxe4+ Be6 16. d5 Kd7 17. dxe6+ Ke8 18. Qd7# 1-0

[Event "AUTO-OPEN-3098"]
[Site "http://www.queenalice.com/game.php?id=1223486"]
[Date "2013.10.10"]
[Round "1"]
[White "cirovicz"]
[Black "leandro10"]
[Result "1-0"]
[WhiteElo "1801"]
[BlackElo "1473"]

1. e4 e5 2. Nf3 d6 3. Bc4 c6 4. c3 Bg4 5. h3 Bxf3 6. Qxf3 Nh6 7. d4 f6 8. Bxh6
gxh6 9. Qh5+ Kd7 10. dxe5 fxe5 11. Na3 b5 12. Nxb5 cxb5 13. Bxb5+ Nc6 14. Rd1
Rb8 15. Qxe5 Be7 16. O-O a6 17. Bxc6+ Kxc6 18. Qd5+ Kd7 19. e5 Rb5 20. e6+ Ke8
21. Qf3 Rf8 22. Qc6+ Qd7 23. Qxd7# 1-0

[Event "AUTO-OPEN-3098"]
[Site "http://www.queenalice.com/game.php?id=1223487"]
[Date "2013.10.10"]
[Round "1"]
[White "leandro10"]
[Black "cirovicz"]
[Result "1/2-1/2"]
[WhiteElo "1461"]
[BlackElo "1824"]

1. e4 e5 2. Nf3 Nc6 3. Bb5 a6 4. Bxc6 dxc6 5. d3 Bg4 6. a3 Bc5 7. b4 Bb6 8. c4
c5 9. Qa4+ c6 10. Nxe5 cxb4 11. Nxg4 Qxd3 12. Qxb4 O-O-O 13. Nd2 h5 14. Ne5 Qd4
15. O-O Bc5 16. Bb2 Bxb4 17. Bxd4 Rxd4 18. axb4 Rxd2 19. Nxf7 Rh7 20. e5 Kd7 21.
Rfd1 Rxd1+ 22. Rxd1+ Ke7 23. Ng5 Rh6 24. f4 Rg6 25. h4 Nh6 26. e6 Rxe6 27. Nxe6
Kxe6 28. Re1+ Kd7 29. Kh2 Ng4+ 30. Kg3 g6 31. Rd1+ Ke7 32. c5 Nf6 33. Kf3 Nd5
34. g4 Nxb4 35. Rb1 a5 36. gxh5 gxh5 37. f5 Kf6 38. Kf4 Nd3+ 39. Ke4 Nxc5+ 40.
Kd4 Na6 41. Rxb7 Kxf5 42. Ra7 Nb4 43. Rxa5+ Kg4 44. Kc5 Nd3+ 45. Kxc6 Kxh4 46.
Kd6 Nf4 47. Ke5 Nd3+ 48. Kf5 Kg3 49. Ra3 Kh4 50. Rxd3 1/2-1/2

[Event "AUTO-ADV-3263"]
[Site "http://www.queenalice.com/game.php?id=1315807"]
[Date "2014.10.16"]
[Round "1"]
[White "marreta7"]
[Black "cirovicz"]
[Result "0-1"]
[WhiteElo "1706"]
[BlackElo "1848"]

1. e4 e5 2. Bc4 c6 3. a3 d5 4. exd5 cxd5 5. Ba2 Be6 6. d3 Nc6 7. h3 Bc5 8. Nf3
Nf6 9. Ng5 Qd7 10. O-O h6 11. Nxe6 Qxe6 12. Re1 Qf5 13. Be3 d4 14. Bd2 g5 15. b4
Bd6 16. b5 g4 17. bxc6 bxc6 18. hxg4 Nxg4 19. Re2 Qh5 20. Rxe5+ Bxe5 21. a4 Bh2+
22. Kf1 Ne3+ 23. fxe3 Qxd1+ 24. Kf2 Bg1+ 25. Kg3 Rg8+ 26. Kh3 Qg4# 0-1

[Event "AUTO-ADV-3263"]
[Site "http://www.queenalice.com/game.php?id=1315808"]
[Date "2014.10.16"]
[Round "1"]
[White "cirovicz"]
[Black "marreta7"]
[Result "1-0"]
[WhiteElo "1813"]
[BlackElo "1714"]

1. e4 e5 2. Nf3 Nc6 3. Bb5 Nge7 4. d4 a6 5. Bxc6 Nxc6 6. dxe5 h6 7. Bf4 Bb4+ 8.
c3 Ba5 9. O-O O-O 10. Qd2 Re8 11. Bxh6 gxh6 12. Qxh6 d6 13. Ng5 Nxe5 14. f4 Ng6
15. Qh7+ Kf8 16. Qxf7# 1-0

[Event "AUTO-ADV-3263"]
[Site "http://www.queenalice.com/game.php?id=1315819"]
[Date "2014.10.16"]
[Round "1"]
[White "Corvidae"]
[Black "cirovicz"]
[Result "0-1"]
[WhiteElo "1704"]
[BlackElo "1837"]

1. Nf3 f5 2. d3 d6 3. g3 e5 4. c4 Nf6 5. Nc3 Be7 6. b3 O-O 7. Bg5 Ne4 8. Bxe7
Nxc3 9. Bxd8 Nxd1 10. Kxd1 Rxd8 11. Bg2 Be6 12. Ng5 Bc8 13. Bd5+ Kf8 14. Nxh7+
Ke7 15. Ng5 c6 16. Bg2 Be6 17. e4 a5 18. a4 Na6 19. Kd2 Nc5 20. Kc3 Kf6 21. h4
fxe4 22. Bxe4 d5 23. Bg2 dxc4 24. Ne4+ Nxe4+ 25. Bxe4 cxb3 26. Kb2 b5 27. axb5
cxb5 28. Bxa8 Rxa8 29. Ra3 a4 30. Kc3 Rb8 31. Kb4 e4 32. dxe4 Bc4 33. Rb1 Ke5
34. Rxa4 bxa4+ 35. Kxc4 b2 0-1

[Event "AUTO-ADV-3263"]
[Site "http://www.queenalice.com/game.php?id=1315820"]
[Date "2014.10.16"]
[Round "1"]
[White "cirovicz"]
[Black "Corvidae"]
[Result "1-0"]
[WhiteElo "1825"]
[BlackElo "1713"]

1. e4 c5 2. c3 e6 3. d4 d5 4. Bb5+ Nc6 5. dxc5 Bxc5 6. exd5 exd5 7. Nf3 Ne7 8.
Bg5 Bd7 9. O-O O-O 10. Re1 Re8 11. Bxe7 Rxe7 12. Rxe7 Nxe7 13. Bxd7 Qxd7 14. Nd4
Bxd4 15. Qxd4 Nc6 16. Qf4 Qe6 17. Nd2 Re8 18. h3 h6 19. b4 Qe5 20. Qxe5 Nxe5 21.
Re1 Kf8 22. a4 a6 23. f4 Nf3+ 24. Nxf3 f6 25. Rxe8+ Kxe8 26. g4 Ke7 27. Kf2 Kd6
28. Ke3 b6 29. Kd4 g6 30. h4 Ke6 31. g5 fxg5 32. hxg5 h5 33. Nh4 1-0

[Event "AUTO-ADV-3263"]
[Site "http://www.queenalice.com/game.php?id=1315827"]
[Date "2014.10.16"]
[Round "1"]
[White "cirovicz"]
[Black "serrameira"]
[Result "0-1"]
[WhiteElo "1858"]
[BlackElo "1854"]

1. e4 e5 2. Nf3 Nf6 3. Nxe5 d6 4. Nxf7 Kxf7 5. d3 Be7 6. Bg5 Rf8 7. Bxf6 Bxf6 8.
c3 Nc6 9. Be2 Kg8 10. Nd2 a6 11. Nf3 Bg4 12. h3 Bxf3 13. Bxf3 Ne5 14. d4 Nxf3+
15. gxf3 Bh4 16. Qb3+ Kh8 17. Ke2 Qf6 18. c4 Qxd4 19. Rhf1 b5 20. cxb5 axb5 21.
Rad1 Qb6 22. Rd5 c5 23. a3 Ra7 24. Rf5 Rxf5 25. exf5 Re7+ 26. Kd1 c4 27. Qc2
Qd4+ 28. Kc1 Qf4+ 29. Kb1 Qxf3 30. a4 Re2 31. Qd1 Bf6 32. Qe1 Rxe1+ 33. Rxe1
Qd3+ 34. Ka1 Bxb2+ 35. Ka2 Qb3+ 0-1

[Event "AUTO-ADV-3263"]
[Site "http://www.queenalice.com/game.php?id=1315828"]
[Date "2014.10.16"]
[Round "1"]
[White "serrameira"]
[Black "cirovicz"]
[Result "0-1"]
[WhiteElo "1870"]
[BlackElo "1842"]

1. e4 c5 2. Nf3 e6 3. d4 cxd4 4. Nxd4 d5 5. exd5 Qxd5 6. Nc3 Bb4 7. Ne2 Qxd1+ 8.
Kxd1 Bxc3 9. Nxc3 Nf6 10. Bg5 a6 11. Bxf6 gxf6 12. Ne4 Ke7 13. Bd3 Nc6 14. c3
Rd8 15. Ke2 b6 16. Ng3 h6 17. Be4 Bb7 18. f3 Na5 19. Bxb7 Nxb7 20. Rhd1 Na5 21.
b3 Nc6 22. Rxd8 Rxd8 23. Ke3 f5 24. Ne2 f6 25. Re1 Kf7 26. Rc1 e5 27. Rc2 b5 28.
Rd2 f4+ 29. Nxf4 exf4+ 30. Ke2 Rxd2+ 31. Kxd2 Ke6 32. a3 h5 33. g3 Kf5 34. Ke2
Na5 35. a4 Nxb3 36. axb5 axb5 37. Kd3 fxg3 38. hxg3 Ke5 39. Kc2 Nd4+ 40. cxd4+
Kxd4 0-1

[Event "AUTO-ADV-3263"]
[Site "http://www.queenalice.com/game.php?id=1344996"]
[Date "2015.3.1"]
[Round "2"]
[White "Paraucho"]
[Black "cirovicz"]
[Result "1-0"]
[WhiteElo "2062"]
[BlackElo "1920"]

1. e4 c5 2. Bc4 e6 3. c3 Nc6 4. h3 d5 5. exd5 exd5 6. Bb5 Be6 7. Nf3 Bd6 8. O-O
Ne7 9. Qe2 a6 10. Ba4 b5 11. Bc2 Ng6 12. d4 Qc8 13. Ng5 O-O 14. Nxe6 Qxe6 15.
Qd1 c4 16. f4 f5 17. Qf3 Rae8 18. a4 b4 19. Bd2 b3 20. Bd1 Qe4 21. Qg3 Kh8 22.
Na3 Nxd4 23. Kh1 Bxa3 24. Rxa3 Nc2 25. Bxc2 Qxc2 26. Bc1 Re2 27. Ra1 Rfe8 28.
Rg1 a5 29. h4 Qd3 30. Qg5 Qe4 31. Qg3 Re1 32. Bd2 Rxa1 33. Rxa1 Qe2 34. Re1 Nxf4
35. Qxf4 Qh5 36. Rxe8+ Qxe8 37. Qxf5 Qd8 38. Bg5 Qa8 39. Qd7 h6 40. Be3 Kh7 41.
Bd4 Qg8 42. Qa7 Qf8 43. Qc7 Qf1+ 44. Kh2 Qf8 45. Qe5 Qf7 46. Qg3 h5 47. Qe5 Kh8
48. Qg5 Kh7 49. g4 hxg4 50. Qxg4 Qe7 51. Qh5+ Kg8 52. Qxd5+ Kh8 53. Qh5+ Kg8 54.
Qg4 Qf7 55. h5 Qc7+ 56. Qg3 Qf7 57. Qxg7+ Qxg7 58. Bxg7 Kxg7 59. Kg3 Kh6 60. Kf4
Kxh5 61. Ke4 Kg4 62. Kd4 Kf5 63. Kxc4 Ke4 64. Kxb3 Kd3 65. Ka2 Kc4 66. Ka3 Kc5
67. b4+ axb4+ 68. cxb4+ 1-0

[Event "AUTO-ADV-3263"]
[Site "http://www.queenalice.com/game.php?id=1344997"]
[Date "2015.3.1"]
[Round "2"]
[White "cirovicz"]
[Black "Paraucho"]
[Result "1-0"]
[WhiteElo "1881"]
[BlackElo "2042"]

1. e4 c6 2. d4 e6 3. c4 Ne7 4. Nc3 d5 5. cxd5 exd5 6. exd5 Nxd5 7. Nxd5 Qxd5 8.
Nf3 Bg4 9. Be2 Bb4+ 10. Bd2 Bxd2+ 11. Qxd2 O-O 12. O-O Rd8 13. Qc3 Nd7 14. Rfd1
Nf6 15. h3 Bd7 16. Qc5 Qe6 17. Ne5 Be8 18. Bc4 Nd5 19. Bxd5 Rxd5 20. Qb4 Rb8 21.
Rac1 a6 22. b3 h6 23. Re1 Qf6 24. Rc5 Rd6 25. a4 b6 26. Nf3 Qd8 27. Rce5 Bd7 28.
Qxd6 Qc8 29. Re7 Be6 30. R7xe6 fxe6 31. Qxe6+ Qxe6 32. Rxe6 Rc8 33. Ne5 c5 34.
dxc5 Rxc5 35. Rxb6 Rxe5 36. Rxa6 Re1+ 37. Kh2 1-0

[Event "AUTO-ADV-3263"]
[Site "http://www.queenalice.com/game.php?id=1344998"]
[Date "2015.3.1"]
[Round "2"]
[White "junipero"]
[Black "cirovicz"]
[Result "0-1"]
[WhiteElo "2017"]
[BlackElo "1859"]

1. d4 f5 2. c4 c5 3. e3 cxd4 4. exd4 d5 5. Nc3 dxc4 6. Bxc4 Nf6 7. Be3 e6 8. Nf3
Nc6 9. O-O a6 10. h3 Bd6 11. a3 b5 12. Ba2 O-O 13. Ng5 f4 14. Bxe6+ Kh8 15. Nf7+
Rxf7 16. Bxf7 fxe3 17. fxe3 Qe7 18. Bd5 Qxe3+ 19. Kh1 Qg3 20. Kg1 Nxd5 21. Nxd5
Bxh3 22. Qf3 Qh2+ 23. Kf2 Rf8 24. Qxf8+ Bxf8 25. Ke3 Qg3+ 26. Rf3 Qg5+ 27. Kd3
Bf5+ 28. Kc3 g6 29. Ne3 Bg7 30. Nxf5 gxf5 31. Rd1 Bxd4+ 32. Rxd4 Nxd4 33. Kxd4
Qxg2 34. Rxf5 Qxb2+ 35. Kd5 Qxa3 36. Kc6 b4 37. Kd6 Qd3+ 38. Ke6 Qxf5+ 39. Kxf5
b3 0-1

[Event "AUTO-ADV-3263"]
[Site "http://www.queenalice.com/game.php?id=1344999"]
[Date "2015.3.1"]
[Round "2"]
[White "cirovicz"]
[Black "junipero"]
[Result "1-0"]
[WhiteElo "1903"]
[BlackElo "1939"]

1. e4 c5 2. c3 Nc6 3. Nf3 d6 4. d4 cxd4 5. Nxd4 e5 6. Nxc6 bxc6 7. Bc4 Nf6 8.
Bg5 Be7 9. O-O Nxe4 10. Bxe7 Qxe7 11. Qa4 Bb7 12. Bxf7+ Qxf7 13. Qxe4 O-O 14. f3
Rae8 15. Nd2 d5 16. Qg4 Qf4 17. Qxf4 exf4 18. Rfe1 g5 19. Kf2 h5 20. Nb3 Kf7 21.
Nd4 Rxe1 22. Rxe1 Re8 23. Rxe8 Kxe8 24. Ne6 Kf7 25. Nxg5+ Kf6 26. h4 c5 27. g4
hxg4 28. fxg4 d4 29. cxd4 cxd4 30. Ke2 Ke5 31. h5 Bc8 32. Nf3+ Kf6 33. g5+ Kg7
34. Nxd4 Bg4+ 35. Kd3 Bxh5 36. Ne6+ Kg6 37. Nxf4+ Kxg5 38. Nxh5 Kxh5 39. Kc4 Kg5
40. Kb5 Kf5 41. Ka6 Ke6 42. Kxa7 Kd6 43. a4 Kc6 44. b4 Kc7 45. b5 Kc8 46. b6 Kd7
47. b7 Kc6 48. b8=Q Kc5 49. Qb3 Kc6 50. Qb5+ Kc7 51. Qb6+ Kc8 52. Qb7+ Kd8 53.
Kb6 Ke8 54. a5 Kd8 55. a6 1-0

[Event "AUTO-OPEN-3550"]
[Site "http://www.queenalice.com/game.php?id=1386636"]
[Date "2015.10.1"]
[Round "1"]
[White "cirovicz"]
[Black "agilulfo"]
[Result "1/2-1/2"]
[WhiteElo "1936"]
[BlackElo "1979"]

1. e4 c5 2. c3 d6 3. f4 g6 4. d4 cxd4 5. cxd4 Nf6 6. Nc3 Bg7 7. Nf3 Bg4 8. Bd3
O-O 9. O-O Nc6 10. e5 dxe5 11. dxe5 Nd5 12. Nxd5 Qxd5 13. Be2 Rfd8 14. Qxd5 Rxd5
15. Bc4 Rd7 16. Ng5 e6 17. h3 Bf5 18. g4 Bd3 19. Rd1 Rad8 20. Bxe6 fxe6 21. Nxe6
Bc2 22. Rxd7 Rxd7 23. Nxg7 Kxg7 24. Be3 Rd1+ 25. Rxd1 Bxd1 26. Kf2 Nb4 27. Bxa7
Nxa2 28. Kg3 Nb4 29. Bd4 Kf7 30. f5 1/2-1/2

[Event "AUTO-OPEN-3550"]
[Site "http://www.queenalice.com/game.php?id=1386637"]
[Date "2015.10.1"]
[Round "1"]
[White "agilulfo"]
[Black "cirovicz"]
[Result "0-1"]
[WhiteElo "1982"]
[BlackElo "1908"]

1. d4 e6 2. c4 c5 3. d5 exd5 4. cxd5 Nf6 5. Bg5 d6 6. e4 Qa5+ 7. Nc3 Bg4 8. Qa4+
Qxa4 9. Nxa4 Be7 10. Bb5+ Bd7 11. Bxd7+ Kxd7 12. Nc3 Nxd5 13. Bxe7 Nxc3 14. Bxd6
Kxd6 15. bxc3 Re8 16. Rd1+ Kc6 17. f3 f5 18. Nh3 fxe4 19. O-O Nd7 20. fxe4 Ne5
21. Rd5 Rad8 22. Nf4 Rxd5 23. exd5+ Kd6 24. Re1 Nf3+ 25. gxf3 Rxe1+ 26. Kf2 Ra1
0-1

[Event "AUTO-OPEN-3550"]
[Site "http://www.queenalice.com/game.php?id=1386640"]
[Date "2015.10.1"]
[Round "1"]
[White "cirovicz"]
[Black "pizzaiolo72"]
[Result "0-1"]
[WhiteElo "1910"]
[BlackElo "2149"]

1. e4 e6 2. d4 d5 3. Nc3 c5 4. dxc5 d4 5. Bb5+ Nc6 6. Nce2 Qa5+ 7. c3 Qxb5 8.
cxd4 b6 9. cxb6 axb6 10. Nf3 Bb4+ 11. Bd2 Ba6 12. a4 Bxd2+ 13. Qxd2 Qa5 14. d5
Qxd2+ 15. Kxd2 exd5 16. exd5 Rd8 0-1

[Event "AUTO-OPEN-3550"]
[Site "http://www.queenalice.com/game.php?id=1386641"]
[Date "2015.10.1"]
[Round "1"]
[White "pizzaiolo72"]
[Black "cirovicz"]
[Result "1/2-1/2"]
[WhiteElo "2150"]
[BlackElo "1927"]

1. e4 c5 2. Nf3 e6 3. Nc3 d5 4. exd5 exd5 5. d4 Nc6 6. dxc5 Bxc5 7. Qxd5 Qxd5 8.
Nxd5 Bb6 9. Be3 Nge7 10. Nxb6 axb6 11. Bxb6 O-O 12. Bd3 Nb4 13. a3 Bg4 14. Ne5
Ned5 15. Nxg4 Nxd3+ 16. cxd3 Nxb6 17. O-O Rfd8 18. Rfd1 Na4 19. Rd2 Rd4 20. Ne3
Rad8 21. Rc1 g6 22. b3 Nb6 23. Rc7 Rxd3 24. Rxd3 Rxd3 25. Kf1 Rxb3 26. Rxb7 Rb1+
27. Ke2 Rb2+ 28. Kf3 Nc4 29. Rxb2 Nxb2 30. Ke4 f5+ 31. Kd5 Kf7 32. g4 fxg4 33.
Nxg4 Ke7 34. f4 Nd3 35. Ke4 Nc5+ 36. Kd4 Na4 37. h4 Ke6 38. Ne3 h6 39. Ng4 g5
40. fxg5 hxg5 41. h5 Nb6 42. Ne5 Kf6 43. Ke4 Kg7 44. Kf5 Kh6 45. Kg4 Nd5 46.
Nf7+ Kg7 47. Nxg5 Nf6+ 48. Kh4 Kh6 49. a4 Nxh5 50. Nf7+ Kg6 51. Nd6 Nf4 52. Kg4
Nd5 53. Kf3 Kf6 54. Ke4 Ke6 55. Nb5 Nb4 56. Kd4 Kd7 57. Kc5 Na6+ 58. Kb6 Nb4 59.
Kb7 Nc6 60. Kb6 Nb4 61. a5 Kc8 62. Nd4 Kb8 63. Kb5 Nd5 64. Kc5 Nf6 65. a6 Nd7+
66. Kb5 Ka8 67. Ne6 Nb8 68. Nc7+ Ka7 69. Kc4 Nxa6 70. Nxa6 1/2-1/2

[Event "AUTO-OPEN-3703"]
[Site "http://www.queenalice.com/game.php?id=1440640"]
[Date "2016.9.11"]
[Round "1"]
[White "rl793"]
[Black "cirovicz"]
[Result "1-0"]
[WhiteElo "2216"]
[BlackElo "1919"]

1. e4 c5 2. Nf3 e6 3. d4 cxd4 4. Nxd4 Nc6 5. Nc3 Nxd4 6. Qxd4 Qb6 7. Qxb6 axb6
8. Nb5 Kd8 9. Bf4 Bc5 10. c3 Nf6 11. Bc7+ Ke8 12. e5 Nd5 13. Bc4 Kf8 14. Bxd5
exd5 15. O-O f6 16. exf6 gxf6 17. a4 Kg7 18. b4 Be7 19. Rfe1 Kf7 20. Bxb6 Bd8
21. Nd6+ Kg6 22. Bxd8 Rxd8 23. Red1 Ra6 24. Rxd5 Rc6 25. c4 1-0

[Event "AUTO-OPEN-3703"]
[Site "http://www.queenalice.com/game.php?id=1440641"]
[Date "2016.9.11"]
[Round "1"]
[White "cirovicz"]
[Black "rl793"]
[Result "0-1"]
[WhiteElo "1938"]
[BlackElo "2212"]

1. e4 e5 2. Nf3 Nc6 3. Bb5 Nf6 4. Bxc6 dxc6 5. d3 Bd6 6. Bg5 h6 7. Bxf6 Qxf6 8.
Nc3 Be6 9. Qe2 O-O-O 10. O-O-O Kb8 11. d4 exd4 12. Nxd4 Bf4+ 13. Kb1 Rxd4 14.
Rxd4 Qxd4 15. g3 Bc4 16. Qg4 Bd2 17. Rd1 Qxf2 18. Qxg7 Rc8 19. Na4 Be2 20. Rh1
Qg2 0-1

[Event "AUTO-OPEN-3703"]
[Site "http://www.queenalice.com/game.php?id=1440670"]
[Date "2016.9.11"]
[Round "1"]
[White "cirovicz"]
[Black "adriano1953"]
[Result "0-1"]
[WhiteElo "1933"]
[BlackElo "1973"]

1. e4 c5 2. f4 e6 3. d3 Nc6 4. Nf3 d6 5. Be3 Be7 6. Nc3 Nf6 7. Qd2 O-O 8. h3 a6
9. O-O-O b5 10. g4 b4 11. Bg2 bxc3 12. Qxc3 Nb4 13. Kb1 Bb7 14. a3 Nc6 15. g5
Nh5 16. f5 exf5 17. exf5 Ng3 18. Rhe1 Nxf5 19. h4 Nxe3 20. Rxe3 Nd4 21. Rde1 Ne6
22. Qb3 Qd7 23. h5 Bxf3 24. Bxf3 Rab8 25. Qc4 Bxg5 26. Rxe6 fxe6 27. Rxe6 Kh8
28. Bg4 Qb7 29. b3 Rf1+ 30. Kb2 Bf6+ 0-1

[Event "AUTO-OPEN-3703"]
[Site "http://www.queenalice.com/game.php?id=1440671"]
[Date "2016.9.11"]
[Round "1"]
[White "adriano1953"]
[Black "cirovicz"]
[Result "1/2-1/2"]
[WhiteElo "1975"]
[BlackElo "1912"]

1. d4 d5 2. c4 dxc4 3. e4 c5 4. d5 b5 5. Nf3 e6 6. Nc3 a6 7. dxe6 Qxd1+ 8. Nxd1
Bxe6 9. Bg5 Be7 10. Be2 Bxg5 11. Nxg5 h6 12. Nxe6 fxe6 13. Bg4 Kf7 14. O-O Nc6
15. Ne3 Nf6 16. f3 Nxg4 17. Nxg4 Rad8 18. Rad1 Rxd1 19. Rxd1 Ke7 20. Kf2 h5 21.
Ne3 g5 22. a4 Rd8 23. axb5 Rxd1 24. Nxd1 axb5 25. Ke3 Nd4 26. Nc3 Kd6 27. Kd2
Ke5 28. Ke3 g4 29. f4+ Kd6 30. Ne2 Nxe2 31. Kxe2 b4 32. Kd2 h4 33. g3 h3 34. Kc2
Kc6 35. Kd2 Kd6 36. Kc2 Kc6 37. Kd2 Kd6 38. Ke3 Kc6 39. Kd2 Kd6 1/2-1/2

[Event "AUTO-OPEN-3703"]
[Site "http://www.queenalice.com/game.php?id=1440672"]
[Date "2016.9.11"]
[Round "1"]
[White "cirovicz"]
[Black "Dummer"]
[Result "0-1"]
[WhiteElo "1915"]
[BlackElo "2238"]

1. e4 e5 2. Nf3 f5 3. d3 Nc6 4. exf5 d5 5. Bg5 Be7 6. h4 h6 7. Bxe7 Ngxe7 8. g4
Qd6 9. Nc3 h5 10. Bh3 hxg4 11. Bxg4 Bxf5 12. Bxf5 Nxf5 13. Qe2 Ncd4 14. Nxd4
Nxd4 15. Qd1 Rf8 16. Rh3 Qf6 17. f3 O-O-O 18. a4 Nxf3+ 0-1

[Event "AUTO-OPEN-3703"]
[Site "http://www.queenalice.com/game.php?id=1440673"]
[Date "2016.9.11"]
[Round "1"]
[White "Dummer"]
[Black "cirovicz"]
[Result "1-0"]
[WhiteElo "2281"]
[BlackElo "1915"]

1. e4 c5 2. b4 cxb4 3. d4 e6 4. a3 bxa3 5. Bxa3 Nc6 6. Bxf8 Kxf8 7. Nf3 d5 8. e5
Nge7 9. Qd2 a6 10. Bd3 Ng6 11. h4 f5 12. h5 Nge7 13. h6 g6 14. Nc3 Nb4 15. Be2
Bd7 16. O-O Nbc6 17. Na4 Na7 18. Nc5 Nb5 19. Bxb5 axb5 20. Nxd7+ Ke8 21. Nf6+
Kf8 22. Ng5 Ra6 23. Rxa6 bxa6 24. Nxe6+ Kf7 25. Nxd8+ Rxd8 26. Qg5 Nc6 27. Nxh7
Nxe5 28. Qxd8 Nc6 29. Qf8+ Ke6 30. Re1+ Kd7 31. Nf6+ Kc7 32. Nxd5+ Kb7 33. Re7+
Nxe7 34. Qxe7+ 1-0